Bibliotecas escolares y de aula. Preescolar.

שמור ב:
מידע ביבליוגרפי
מחבר תאגידי: México. Secretaría de Educación Pública
פורמט: ספר
שפה:ספרדית
נושאים:
גישה מקוונת:Ver documento en línea
תגים: הוספת תג
אין תגיות, היה/י הראשונ/ה לתייג את הרשומה!

MARC

LEADER 00000nam^a2200000^u^4500
001 000515050
005 20260411000000.0
008 101006s1000^^^^^^^^^^^^r^^^^^000^0^spa^d
009 20260411194441.139
035 |a FCE 000059265 
037 |a Acervo ITESO - Biblioteca 
041 |a spa 
095 |a 268 
110 |a México. Secretaría de Educación Pública 
245 1 0 |a Bibliotecas escolares y de aula.  |b Preescolar. 
264 |a México:  |b SEP,  |c 2002. 
300 |a 32 p. 
336 |a texto  |b txt  |2 rdacontenido 
337 |a sin mediación  |b n  |2 rdamedio 
338 |a volumen  |b nc  |2 rdasoporte 
596 |a Archivo en formato PDF. 
596 |a Forma de Acceso: Internet vía la World Wide Web. 
596 |a Requerimientos del sistema. Internet connectivity, World Wide Web browser. 
649 |a XX 
650 |a Bibliotecas 
650 |a Instalación 
856 4 0 |u https://lectura.dgme.sep.gob.mx/4InformacionYVinculacion/4HerramientasDeApoyo/1Impresos/InstalacionUsoBE/man_prees.pdf  |y Ver documento en línea 
910 |a Fondo Centro de Estudios Educativos 
920 |a Impresos - Libros 
930 |a Fondos Especiales 
905 |a 133 
902 |a https://opac.biblio.iteso.mx/vufind/Record/000515050